000 00362nam a2200145 i 4500
001 bg
100 1 _aSIELECKI, Anatol
245 0 _aPodstawowe procesu przemysłu chemicznego /
_cA. Sielecki, L. Grodoń.
260 _aWarszawa,
_c1985.
700 1 _aGRODOŃ, Leon
040 _cBPK
041 _apol
942 _cKS
008 s pl f |000 0 pol
999 _c1298
_d1298
856 _uhttp://koha.tu.koszalin.pl/cgi-bin/koha/opac-detail.pl?biblionumber=1298
_yKatalog online BPK